effectif sm Caen 2021 2022 - Statistiques

Statistiques générales
  • Ce quiz a été pris 180 fois
  • Le résultat moyen est 13 sur 25
Statistiques - réponses
Hint Answers % Correct
19 Mendy
93%
1 Riou
87%
8 Deminguet
82%
12 Lepenant
76%
25 Abdi
68%
24 Vandermersch
68%
16 Clementia
66%
40 Pean
63%
27 Cissé
59%
6 Oniangué
57%
9 Jeannot
55%
11 Court
49%
22 Traoré
49%
10 Zady sery
49%
7 Da Costa
45%
3 Armougom
43%
18 Rivierez
42%
28 Diani
38%
13 Teikeu
37%
17 Goncalves
36%
23 Shamal
25%
15 Wadja
23%
26 Chahiri
21%
5 Molchan
21%
20 Houtondji
14%
Aucun quiz correspondant
Distribution des résultats
% des personnes avec chaque résultat
Percentile par nombre de réponses
Votre historique - résultats
Vous n’avez pas pris ce quiz